A viúva e o papagaio (Registo nº 1335)

Detalhes MARC
000 -Etiqueta do registo
Cabeçalho 00780nam0a2200265 4500
005 - Identificador da versão
Campo de controlo 20240822202427.0
010 ## - Número internacional normalizado dos livros (ISBN)
Número (ISBN) 9789720726803
021 ## - Número do Depósito Legal
Código do país PT
Número 372821/14
100 ## - Dados gerais de processamento
Dados gerais de processamento 20150810d2014 a y0pory5003 ba
101 0# - Língua de publicação
Língua do texto, banda sonora, etc. Português
102 ## - Pais de publicação ou produção
País de publicação Portugal
200 1# - Titulo e menção de responsabilidade
Título próprio A viúva e o papagaio
Informação de outro título uma história verídica
Primeira menção de responsabilidade Virginia Woolf
Outras menções de responsabilidade il. Aurélie de Sousa
210 ## - Publicação, Distribuição, etc. 
Lugar da edição, distribuição, etc. Porto
Nome do editor, distribuidor, etc. Porto ed.
Data da publicação, distribuição, etc. 2014
215 ## - Descrição física 
Indicação específica da natureza do documento e extensão da espécie 45, [3] p.
Outras indicações físicas il. color
225 2# - Colecção 
Título próprio da colecção Educação literária
300 ## - Notas gerais 
Texto da nota Metas Curriculares
Texto da nota Plano Nacional de Leitura
606 ## - Nome comum usado como assunto
Número de registo de entrada de autoridade 0002395
Palavra de ordem Literatua inglesa
Subdivisão de assunto Conto
Código do sistema CA
675 ## - Classificação Decimal Universal (CDU)
Notação 821.111-34
Edição 3ª ed.
Língua da edição por
700 #1 - Nome de autor-pessoa física (responsabilidade principal)
Número de registo de entrada de autoridade 0002033
Palavra de ordem Woolf
Outra parte do nome não tomada para palavra de ordem Virginia
Datas 1882-1941
702 #1 - Nome de autor-pessoa física (responsabilidade secundária)
Número de registo de entrada de autoridade 0002396
Palavra de ordem Sousa
Outra parte do nome não tomada para palavra de ordem Aurélie de
Código de função Ilustrador / Técnico de desenho computorizado
942 ## - Elementos de entrada adicionados (Koha)
Tipo de item no Koha Livro
966 ## - Identificação da Biblioteca
Sigla EB2,3ENM
Exemplares
Situação do levantamento Origin of item (home branch) (coded) Biblioteca de empréstimo Código de barras Cota Circulation type (not for loan) Tipo de documento Nota do exemplar Damaged status
  Biblioteca Escolar Eng. Nuno Mergulhão Biblioteca Escolar Eng. Nuno Mergulhão BENM3653 82LE-34 WOO MET PNL   Livro Sem mensagem  
  Biblioteca Escolar Eng. Nuno Mergulhão Biblioteca Escolar Eng. Nuno Mergulhão BENM3654 82LE-34 WOO MET PNL   Livro Sem mensagem